000 00650nam a2200217Ia 4500
003 OSt
005 20220925164458.0
006 a|||||r|||| 00| 0
007 ta
008 220923b |||||||| |||| 00| 0 eng d
037 _cGeneral Book
040 _aRTL
_cRTL
_beng
041 _2eng
_aeng
082 _aU672(J).2, M9//SCTD
100 _aAlagh Yoginder K.
_9230291
245 0 _aAgro-Climatic Zones
_bProfiles and issues
260 _aAhmedabad
_bAgro-Climatic regional Planning Unit India
_c1989
300 _a256p.
_ccm.
942 _hU672(J).2, M9//SCTD
_cGB
_2CC
999 _c475240
_d475240